000 00361nam a22001697a 4500
003 UA-OsUOA
001 4842
007 ta
008 20050721b un ||||| |||| 00| 0 ukr d
100 _aJance
700 _aJudith A.
942 _cBK
040 _aUA-OsUOA
_cUA-OsUOA
_dUA-OsUOA
245 _aDismissed with Prejudice.
_bFiction
955 _a2
650 7 _2UDC
999 _c291004
_d291004